Nehmotný majetok vytvorený vlastnou činnosťou v kontexte IFRS
Nehmotný majetok vytvorený vlastnou činnosťou je upravený v štandarde IAS 38 Nehmotný majetok. Vymedzenie nehmotného majetku. Kolobeh nehmotného majetku vytvoreného vlastnou činnosťou. Osobitné kritéria vykazovania nehmotného majetku vytvoreného vlastnou činnosťou. Cieľom finančných manažérov v účto...
Salvato in:
| Autore principale: | |
|---|---|
| Natura: | Capitolo di libro |
| Lingua: | slovacco |
| Soggetti: | |
| Tags: |
Nessun Tag, puoi essere il primo ad aggiungerne!!
|
MARC
| LEADER | 00000nla$a2200000$$$4500 | ||
|---|---|---|---|
| 001 | 0104364 | ||
| 005 | 20240613071004.9 | ||
| 041 | 0 | |a slo | |
| 044 | |a SK | ||
| 245 | 1 | 0 | |a Nehmotný majetok vytvorený vlastnou činnosťou v kontexte IFRS |c Tímea Göghová |
| 520 | |a Nehmotný majetok vytvorený vlastnou činnosťou je upravený v štandarde IAS 38 Nehmotný majetok. Vymedzenie nehmotného majetku. Kolobeh nehmotného majetku vytvoreného vlastnou činnosťou. Osobitné kritéria vykazovania nehmotného majetku vytvoreného vlastnou činnosťou. Cieľom finančných manažérov v účtovných jednotkách je aktivácia nákladov, ktorá je viditeľným signálom, že účtovná jednotka vníma nehmotný majetok vytvorený vlastnou činnosťou (napríklad vývoj prototypov, technológií) ako most do budúcnosti a nie ako nákladové stredisko, ktoré by bolo potrebné obmedzovať. | ||
| 610 | 2 | 0 | |a majetok nehmotný |
| 610 | 2 | 0 | |a výkazníctvo účtovné |
| 610 | 2 | 0 | |a štandardy účtovné medzinárodné |
| 100 | 1 | |a Göghová, Tímea | |